000 01051nam a2200169Ia 4500
999 _c4844
_d4844
020 _a1859413404
020 _a9781859413401
050 _aKD3249
_b.C39
100 1 _aChatterton, David A.
245 1 0 _aPensions law and practice /
_cDavid A. Chatterton.
260 _aLondon ; Sydney :
_bCavendish Pub.,
_c 1998.
300 _axxiv, 180 pages.
_c24cm.
500 _aIncludes index.
505 _a State benefits; occupational pensions; personal pensions; pension scheme documentation; small self-administered pension schemes; retirement benefits; contracting-out of serps; early leavers; additional voluntary contributions and freestanding additional voluntary contributions; trustees; the role of the actuary; pension fund investments; divorce assignment and forfeiture; equal treatment; dispute resolutions; surpluses; winding-up; regulations; alternative provisions for old age; pension planning; partnerships; the foreign element; the Goode report; The Pensions Act 1995 and the future.
650 0 _aPensions
_xLaw and legislation
942 _cBK